Computer Science /

Na minha lista:
Detalhes bibliográficos
Outros Autores: Cardenas, Alfonso F. (Editor), Presser, Leon (Editor), Marin, Miguel A. (Editor)
Formato: Livro
Idioma:inglês
Publicado em: New York: Wiley-Interscience, 1972
Edição:1. vyd.
Assuntos:
Tags: Adicionar Tag
Sem tags, seja o primeiro a adicionar uma tag!

MARC

LEADER 00000nam a22000003a 4500
001 0018545
003 SK-STU
005 20161109161657.8
007 ta
008 161109s ----xo-----e------000-0-----d
020 |a 0-471-13468-6 
040 |a STU  |b slo 
041 0 |a eng 
044 |a xxu 
100 1 |a Cardenas, Alfonso F.  |4 edt  |r Z6 
245 1 0 |a Computer Science /  |c ed. Alfonso F Cardenas ; ed. Leon Presser, Miguel A Marin 
250 |a 1. vyd. 
260 |a New York:  |b Wiley-Interscience,  |c 1972 
300 |a 522 s. 
650 0 7 |a počítačová veda 
700 1 |a Presser, Leon  |r Z6  |4 edt 
700 1 |a Marin, Miguel A.  |r Z6  |4 edt 
996 |b 284IK06386  |c I*3S1573  |l II680  |s A  |a 24  |w 0018545_0001